000 00512nam a2200181Ia 4500
008 090124s9999 xx 000 0 und d
082 _b18365
100 _aदळवी जयवंत
245 _a स्पर्श
250 _a1
260 _bमॅजेस्टिक बुक स्टॅाल
_c1974
300 _a172
600 _aदळवी जयवंत
630 _a स्पर्श
700 _aदळवी जयवंत
730 _a स्पर्श
942 _cBOOK
999 _c89482
_d89482